Movies by Picture - S - Statistics

General Stats
  • This quiz has been taken 594 times
  • The average score is 11 of 16
Answer Stats
Picture Answer % Correct
The Shining
90%
Space Jam
83%
Saving Private Ryan
82%
School of Rock
82%
Suicide Squad
82%
The Sound of Music
82%
The Silence of the Lambs
79%
Schindler's List
74%
Scarface
72%
Sister Act
69%
Skyfall
60%
The Sixth Sense
59%
Slumdog Millionaire
53%
Sleepless in Seattle
48%
Spartacus
48%
Shutter Island
43%
No matching quizzes found
Score Distribution
Percent of People with Each Score
Percentile by Number Answered
Your Score History
You have not taken this quiz